000 00461nam a2200193Ia 4500
005 20240823031504.0
008 240823s9999||||xx |||||||||||||| ||und||
041 _aENGLISH
082 _A004.56 N2
100 _a"Jourdain,Robert"
245 4 _aThe Hard Disk Companion
250 _a2nd
260 _c1992
_b"PHI,New Delhi"
500 _aYES
650 _aHardware
_bInformation Technology
700 _a" Norton,Peter"
942 _cBK
999 _c191195
_d191195